|
|
|
|
| LEADER |
00000nam0a2200000 4500 |
| 001 |
198115 |
| 005 |
20231101224808.0 |
| 010 |
|
|
|a 9785895034620
|
| 035 |
|
|
|a (RuTPU)RU\TPU\book\216098
|
| 090 |
|
|
|a 198115
|
| 100 |
|
|
|a 20110623d2011 k y0rusy50 ca
|
| 101 |
0 |
|
|a rus
|
| 102 |
|
|
|a RU
|
| 105 |
|
|
|a a z 011zy
|
| 200 |
1 |
|
|a Электронные и электромеханические системы и устройства
|e сборник научных статей
|f Полюс ; под ред. В. Н. Гладущенко
|
| 210 |
|
|
|a Томск
|c Изд-во НТЛ
|d 2011
|
| 215 |
|
|
|a 612 с.
|c ил.
|
| 300 |
|
|
|a Посвящается 60-летию предприятия
|
| 320 |
|
|
|a Библиогр. в конце ст.
|
| 330 |
|
|
|a Настоящий сборник выпущен по итогам работы XVIII научно-технической конференции НПЦ "Полюс". В нем широко представлены материалы теоретических и экспериментальных исследований в области проектирования систем электропитания космических аппаратов различного назначения, систем управления электрореактивными двигательными установками, а также электромеханических исполнительных органов. Подробно освещены научные и практические достижения в разработке и совершенствовании электрических машин, электровентиляторов и электроприводов, вопросы конструирования электромеханических устройств и приборов. Рассмотрены особенности испытаний электронной компонентной базы и повышения надежности изделий. Отражены перспективные направления автоматизации проектирования и производства, внедрения и интеграции информационных технологий на предприятии, моделирования радиоэлектронной аппаратуры. Ряд статей посвящен использованию новых конструкционных материалов и современных технологических процессов. Сборник рассчитан на научных, инженерно-технических работников и студентов, специализирующихся в указанных областях техники.
|
| 601 |
0 |
2 |
|a Полюс
|c Научно-производственный центр
|c (Томск)
|c (1980- )
|2 stltpush
|3 (RuTPU)RU\TPU\col\4024
|9 23920
|
| 606 |
1 |
|
|a Электронные системы
|2 stltpush
|3 (RuTPU)RU\TPU\subj\20519
|9 45619
|
| 606 |
1 |
|
|a Электромеханические системы
|2 stltpush
|3 (RuTPU)RU\TPU\subj\20263
|9 45374
|
| 610 |
1 |
|
|a электронные устройства
|
| 610 |
1 |
|
|a электромеханика
|
| 610 |
1 |
|
|a САПР
|
| 610 |
1 |
|
|a информационные технологии
|
| 610 |
1 |
|
|a конструирование
|
| 610 |
1 |
|
|a производство
|
| 610 |
1 |
|
|a приборы
|
| 610 |
1 |
|
|a устройства
|
| 610 |
1 |
|
|a космические аппараты
|
| 610 |
1 |
|
|a дистанционное зондирование
|
| 610 |
1 |
|
|a электропитание
|
| 610 |
1 |
|
|a спутники
|
| 610 |
1 |
|
|a литий-ионные аккумуляторы
|
| 610 |
1 |
|
|a программное обеспечение
|
| 610 |
1 |
|
|a электрореактивные двигательные установки
|
| 610 |
1 |
|
|a арсенидгаллиевая электроника
|
| 610 |
1 |
|
|a электровентиляторное оборудование
|
| 610 |
1 |
|
|a асинхронные электродвигатели
|
| 610 |
1 |
|
|a амортизаторы
|
| 610 |
1 |
|
|a магнитоэлектрические машины
|
| 610 |
1 |
|
|a вентильный электропривод
|
| 610 |
1 |
|
|a датчики
|
| 610 |
1 |
|
|a корабельная радиоэлектроника
|
| 610 |
1 |
|
|a следящий электропривод
|
| 610 |
1 |
|
|a гиродины
|
| 610 |
1 |
|
|a автоматизированное проектирование
|
| 610 |
1 |
|
|a космическая техника
|
| 610 |
1 |
|
|a двигатели-маховики
|
| 610 |
1 |
|
|a компаунды
|
| 675 |
|
|
|a 621.38
|v 3
|
| 675 |
|
|
|a 621.31
|v 3
|
| 702 |
|
1 |
|a Гладущенко
|b В. Н.
|4 340
|
| 712 |
0 |
2 |
|a Полюс
|c Научно-производственный центр
|c (Томск)
|c (1980- )
|2 stltpush
|3 (RuTPU)RU\TPU\col\4024
|9 23920
|
| 801 |
|
1 |
|a RU
|b 63413507
|c 20110623
|
| 801 |
|
2 |
|a RU
|b 63413507
|c 20220505
|g RCR
|
| 942 |
|
|
|c BK
|